000
00350nam a22001577a 4500
005
20190330112915.0
008
190330b xxu||||| |||| 00| 0 eng d
020
_a
9788120309869
041
_a
eng
082
_a
621.3815
245
_a
Basic VLSI Design
250
_a
3 rd
260
_a
New Delhi
_b
PHI Learning
_c
2015
300
_a
457
942
_c
BK
999
_c
5793
_d
5791